| 000 | 00774nam a2200241 i 4500 | ||
|---|---|---|---|
| 003 | DO-SdBNP | ||
| 005 | 20240209083846.0 | ||
| 006 | a||||gr|||| 00| 0 | ||
| 007 | ta | ||
| 008 | 240209t2021 dr ||||| |||| 00| 0 spa d | ||
| 020 | _a9789945099638 | ||
| 040 |
_aDO-SdBNP _bspa _cBNPHU _erda |
||
| 082 | 4 |
_222 _bL869D |
|
| 245 | 1 | 0 |
_aDios en todas las cosas: _bdescubriendo su presencia amorosa en nuestra vida / _cMarina Lorenzo |
| 264 | 4 |
_aSanto Domingo : _bTele 3, _c2021 |
|
| 300 |
_a179 páginas ; _c22 cm. |
||
| 336 |
_2rdacontent _atexto _btxt |
||
| 337 |
_2rdamedia _asin mediación _bn |
||
| 338 |
_2rdacarrier _avolumen _bnc |
||
| 500 | _aIncluye datos biográfico de la autora en las solapas de las cubiertas. | ||
| 590 | _aInventariado 2024 / MF | ||
| 942 |
_2ddc _cLBS1 |
||
| 999 |
_c55881 _d55881 |
||